Language Quiz

Random Language Quiz

Fears of Flying Quiz Stats

Quiz not verified by Sporcle

Also try: 'BRA' Fittings
Challenge
Share
Tweet
Embed
Score 0/5 Timer 10:00
0 Plays Today
% Correct
aerophobia
80%
aviophobia
40%
aviatophobia
20%
pteromerhanophobia
20%
0%

You're not logged in!

Compare scores with friends on all Sporcle quizzes.
Sign Up with Email
OR
Log In

You Might Also Like...

Show Comments

Extras

Top Quizzes Today


Score Distribution

Your Account Isn't Verified!

In order to create a playlist on Sporcle, you need to verify the email address you used during registration. Go to your Sporcle Settings to finish the process.

Report this User

Report this user for behavior that violates our Community Guidelines.

Details: